00373nam a2200109 a 45000010005000000030005000050050017000100080041000270400026000682450094000942600075001884411CDMR20130522131121.0130130s2002||||||||||||||||||||||||||||d aCDMRbcatcCPC GIRONA 4aEls valors en els continguts dels programes televisius adreçats als infants i els joves c2002bFòrum d'entitats de persones usuaries de l'Audiovisual – CAC